Biblioteca

From missions to mission to beyond missions : (Registro nro. 57455)

Detalles MARC
000 -LÍDER
Campo fijo de descripción fija 01448aab a2200241 i 4500
001 - NÚMERO DE CONTROL
Campo de control 768714001
003 - IDENTIFICADOR DEL NÚMERO DE CONTROL
Campo de control CO-MdFUSB
005 - FECHA Y HORA DE LA ULTIMA TRANSACCIÓN
control field 20240802120319.0
008 - ELEMENTOS DE LONGITUD FIJA -- INFORMACIÓN GENERAL
Campo fijo de descripción fija -- Información general 240802t1994 -us||||| |||| 00| 0 eng d
040 ## - FUENTE DE CATALOGACIÓN
Idioma de catalogación spa
Agencia que realiza la transcripción CO-MdFUSB
041 ## - CÓDIGO DE IDIOMA
Código de idioma para texto/pista de sonido o título separado eng
100 1# - ASIENTO PRINCIPAL--NOMBRE PERSONAL
Nombre personal Robert, Dana L.
Término relacionador autor
245 10 - TÍTULO
Título From missions to mission to beyond missions :
Subtitulo the historiography of American protestant foreign missions since world war II
Mención de responsabilidad / Dana L. Robert
520 ## - NOTA DE RESUMEN, ETC.
Nota de sumario, etc. En 1964, R. Pierce Beaver, profesor de historia de las misiones en la Escuela de Teología de la Universidad de Chicago, escribió De misiones a misión. En su libro, este eminente historiador de las misiones estadounidenses repasó la primera parte del siglo XX y vio un cristianismo que había alcanzado el éxito gracias al imperialismo y el prestigio euroamericanos. Sin embargo, dos guerras mundiales habían demostrado a los movimientos nacionalistas en ascenso en el mundo en desarrollo que el cristianismo no formaba parte de una cultura superior y que, además, era un agente del colonialismo.
546 ## - NOTA DE IDIOMA
Nota de idioma Texto en inglés.
650 #0 - ASIENTO SECUNDARIO DE MATERIA - TERMINO TEMÁTICO
Término temático o nombre geográfico como elemento de entrada Misiones
9 (RLIN) 154
650 #0 - ASIENTO SECUNDARIO DE MATERIA - TERMINO TEMÁTICO
Término temático o nombre geográfico como elemento de entrada Ecumenismo
Subdivisión general Historia
9 (RLIN) 1146
650 #0 - ASIENTO SECUNDARIO DE MATERIA - TERMINO TEMÁTICO
Término temático o nombre geográfico como elemento de entrada Evangelización
9 (RLIN) 362
650 #7 - ASIENTO SECUNDARIO DE MATERIA - TERMINO TEMÁTICO
Término temático o nombre geográfico como elemento de entrada Antropología cultural y social
9 (RLIN) 6714
773 0# - ASIENTO DE ITEM FUENTE
Título International Bulletin
Biblionumber 49483
Itemnumber 61014
Parte(s) relacionada(s) / Volumen., número. (mes año), páginas Volumen 18, (número 4, 1999), páginas: 146 - 162
Enumeración y primera página página: 18
942 ## - TIPO DE MATERIAL (KOHA)
Tipo de Item KOHA Artículos de Revista
945 ## - INFORMACIÓN LOCAL DEL REGISTRO
Catalogador Catherine Arias Álvarez - Practicante SENA

No hay ítems disponibles.

Biblioteca FUSBC | Teléfono: (57+4) 349 88 10 Ext. 141| WhatsApp (+57) 3005338115 
E-mail: biblioteca@unisbc.edu.co | Calle 76 87-14 Robledo Palenque, Medellín, Colombia

Con tecnología Koha